|
|
|
|
| LEADER |
00000cam a22000004a 4500 |
| 001 |
musev2_75281 |
| 003 |
MdBmJHUP |
| 005 |
20230905051757.0 |
| 006 |
m o d |
| 007 |
cr||||||||nn|n |
| 008 |
200415t20202020ie o 00 0 eng d |
| 020 |
|
|
|a 9781782053767
|
| 020 |
|
|
|z 178205376X
|
| 020 |
|
|
|z 9781782053736
|
| 020 |
|
|
|z 1782053735
|
| 035 |
|
|
|a (OCoLC)1154054471
|
| 040 |
|
|
|a MdBmJHUP
|c MdBmJHUP
|
| 245 |
0 |
0 |
|a Women in the Irish Film Industry :
|b Stories and storytellers /
|c edited by Susan Liddy.
|
| 264 |
|
1 |
|a Cork :
|b Cork University Press,
|c 2020.
|
| 264 |
|
3 |
|a Baltimore, Md. :
|b Project MUSE,
|c 2020
|
| 264 |
|
4 |
|c ©2020.
|
| 300 |
|
|
|a 1 online resource (416 pages).
|
| 336 |
|
|
|a text
|b txt
|2 rdacontent
|
| 337 |
|
|
|a computer
|b c
|2 rdamedia
|
| 338 |
|
|
|a online resource
|b cr
|2 rdacarrier
|
| 505 |
0 |
|
|a Intro -- Half title -- Title -- Copyright -- Dedication -- Contents -- Acknowledgements -- Notes on contributors -- INTRODUCTION. Setting the scene: women in the Irish film industry / Susan Liddy -- REVISITING THE PAST. Ellen O'Mara Sullivan and her role in early Irish cinema / Díóg O'connell -- Feminist reclamation politics: reclaiming Maeve (1981) and Mother Ireland (1988) / Sarah Edge -- PRACTITIONERS AND PRODUCTION CULTURE. 'Where are the women?' Exploring perceptions of a gender order in the Irish film industry / Susan Liddy -- Irish production cultures and women filmmakers: Nicky Gogan / Laura Canning -- Women cinematographers and changing Irish production cultures / Maeve Connolly -- A cut above: in conversation with Emer Reynolds / Susan Liddy -- Documenting documentary: liberated enclave or pink ghetto? / Anne O'Brien -- CHANGING THE CONVERSATION: EDUCATION, CELEBRATION AND COLLABORATION. Educating Gráinne: the role of education in promoting gender equality in the Irish film industry / Annie Doona -- Activism through celebration: the role of the Dublin Feminist Film Festival in supporting women in Irish film, 2014-17 / Karla Healion, Aileen O'Driscoll, Jennifer O'Meara, Katie Stone -- What if we had been the heroes of the Maze and Long Kesh? Collaborative filmmaking in Northern Ireland / Laura Aguiar -- TEXT AND CONTEXT: DOCUMENTARY, FICTION AND ANIMATION. Dearbhla Glynn: documenting war and sexual violence / Eileen Culloty -- Pat Murphy: portrait of an artist as a filmmaker / Lance Pettitt -- Juanita Wilson: a crusading Irish filmmaker / Isabelle Le Corff -- Irish cinema and the gendering of space: motherhood, domesticity and the homeplace / Ruth Barton -- Authority to speak: assessing the progress of gender parity and representation in Irish animation / Ciara Barrett -- CONCLUSION. Concluding remarks: The road ahead / Susan Liddy -- Notes -- Bibliography -- Index -- Back cover.
|
| 588 |
|
|
|a Description based on print version record.
|
| 650 |
|
7 |
|a Women in the motion picture industry.
|2 fast
|0 (OCoLC)fst01178040
|
| 650 |
|
7 |
|a Women in motion pictures.
|2 fast
|0 (OCoLC)fst01177931
|
| 650 |
|
6 |
|a Femmes au cinema.
|
| 650 |
|
6 |
|a Femmes dans l'industrie cinematographique
|z Irlande
|x Histoire.
|
| 650 |
|
0 |
|a Women in motion pictures.
|
| 650 |
|
0 |
|a Women in the motion picture industry
|z Ireland
|x History.
|
| 651 |
|
7 |
|a Ireland.
|2 fast
|0 (OCoLC)fst01205427
|
| 655 |
|
7 |
|a History.
|2 fast
|0 (OCoLC)fst01411628
|
| 655 |
|
7 |
|a Electronic books.
|2 local
|
| 700 |
1 |
|
|a Liddy, Susan,
|e editor.
|
| 710 |
2 |
|
|a Project Muse.
|e distributor
|
| 830 |
|
0 |
|a Book collections on Project MUSE.
|
| 856 |
4 |
0 |
|z Texto completo
|u https://projectmuse.uam.elogim.com/book/75281/
|
| 945 |
|
|
|a Project MUSE - Custom Collection
|
| 945 |
|
|
|a Project MUSE - 2020 Complete
|
| 945 |
|
|
|a Project MUSE - 2020 Film, Theater and Performing Arts
|